000 00699nam a2200253Ia 4500
003 OSt
005 20220926034842.0
006 a|||||r|||| 00| 0
007 ta
008 220923b |||||||| |||| 00| 0 eng d
020 _a3528057548
037 _cGeneral Book
040 _aRTL
_cRTL
_beng
041 _2eng
_aeng
082 _aX62:(D6,9(B).2775, P1
100 _aSen B V
_9341320
245 0 _aElectronic banking
_b The ultimate guide to business
260 _aWiesbadeu
_bVieweg
_c2001
300 _a204p.
_ccm.
490 _aS C N Education,13V
650 _aBank
942 _hX62:(D6,9(B).2775, P1
_cGB
_2CC
999 _c660575
_d660575